000 00471nam a2200157Ia 4500
008 090124s9999 xx 000 0 und d
082 _b302081
245 _a निवडक प्रभाकर अत्रे
250 _a1
260 _c1988
300 _a216
630 _a निवडक प्रभाकर अत्रे
700 _aअदवंत म. ना.
730 _a निवडक प्रभाकर अत्रे
942 _cBOOK
999 _c191683
_d191683